Album Rap US par image - Statistiques

Statistiques générales
  • Ce quiz a été pris 785 fois
  • Le résultat moyen est 8 sur 16
Statistiques - réponses
Par images Réponse % Correct
Astroworld
95%
Long Live A$AP
72%
Yeezus
69%
Illmatic
68%
We don't trust you
66%
Flower Boy
58%
Views
58%
The Eminem Show
55%
17
54%
All Eyez On Me
48%
Savage Mode
42%
Hall Of Fame
30%
Legends Never Die
30%
Shoot For The Stars Aim For The Moon
21%
2014 forest hills drive
18%
Virgo World
12%
Aucun quiz correspondant
Distribution des résultats
% des personnes avec chaque résultat
Percentile par nombre de réponses
Votre historique - résultats
Vous n’avez pas pris ce quiz